000 01879cam a22004934i 4500
003 PE-LiUPU
005 20250731184537.0
008 180308s2005 xxu0 r0 001 0 eng d
020 _a9789004143210
035 _a(Sirsi) a241462
040 _aPE-LiUPU
_bspa
_cPE-LiUPU
_erda
049 _aPRUA
082 0 4 _a943.031
_bS28
_223
100 1 _aScott, Tom,
_eautor.
245 1 0 _aTown, country, and regions in Reformation Germany /
_cTom Scott.
264 1 _aBoston :
_bBrill,
_c2005.
300 _axxv, 477 páginas :
_bilustraciones ;
_c25 centímetros.
336 _atext
_2rdacontent
337 _aunmediated
_2rdamedia
338 _avolume
_2rdacarrier
490 0 _aStudies in medieval and Reformation traditions ;
_v106
504 _aIndice : páginas 427-447.
505 0 _aChapter One Reformation and Peasants' War in Waldshut and Environs: A Structural Analysis; Chapter Two -- The Communal Reformation between Town and Country; Chapter -- Three The 'Butzenkrieg': The Rouffach Revolt of 1514; Chapter Four Freiburg and the Bundschuh; Chapter Five -- From the Bundschuh to the Peasants' War: From Revolutionary Conspiracy to the Revolution of the Common Man.
526 _aP136
526 _aP135
526 _aP134
526 _aP133
526 _aP144
526 _aP143
526 _aP87
526 _aP35
526 _aP20
526 _aP14
526 _aP10
526 _aP06
650 0 4 _aCities and towns.
650 0 4 _aCiudades y pueblos.
910 _adbm
_bksl
_cksl
_d20180308
942 _2ddc
_cBOOK
994 _aC0
_bPEPRU
596 _a1
999 _a943.031 S28
_wLC
_c27089
_i78460
_f2021-11-11
_g4
_lCCODEBUL1
_mBUL
_p30.00
_r0
_sY
_tBOOK
_u2018-3-8
_xTEOLOGIA
_PP35
_0COMPRA
_1FCOMPRA
_o.STAFF. Colección Teología
_d27089
980 _81
_gALBERTO SANCHEZ Responsable de Automatización